000 00570nam a2200229Ia 4500
003 OSt
005 20221005131930.0
006 a|||||r|||| 00| 0
007 ta
008 221004b |||||||| |||| 00| 0 tam d
024 _a52368
037 _cTextual
040 _aCRL
_cCRL
_btam
041 _2tam
_atam
082 _aV211,1y7N24, 31L2
100 _aMuthu Au.
_9640329
245 0 _aTamilvel doeteer kalagyar
260 _c1972
650 _aHISTORY
942 _hV211,1y7N24, 31L2
_cTEXL
_2cc
999 _c1061873
_d1061873